El Valle de Legrin (Record no. 141517)

MARC details
000 -LEADER
campo de control de longitud fija 00518nam a2200157 i 4500
001 - NÚMERO DE CONTROL
campo de control 141517
003 - IDENTIFICADOR DE NÚMERO DE CONTROL
campo de control ES-MaACL
005 - FECHA Y HORA DE LA ÚLTIMA TRANSACCIÓN
campo de control 20230906200318.0
007 - CAMPO FIJO DE DESCRIPCIÓN FÍSICA--INFORMACIÓN GENERAL
campo de control de longitud fija t|
008 - DATOS DE LONGITUD FIJA--INFORMACIÓN GENERAL
campo de control de longitud fija 070925s1972 sp ||||1| spa d
100 1# - ENTRADA PRINCIPAL--NOMBRE DE PERSONA
Nombre de persona Villegas Molina, Francisco.
9 (RLIN) 115222
245 13 - MENCIÓN DEL TÍTULO
Título El Valle de Legrin
Resto del título : estudio geográfico /
Mención de responsabilidad, etc. por Francisco Villegas Molina.
260 ## - PUBLICACIÓN, DISTRIBUCIÓN, ETC.
Lugar de publicación, distribución, etc. Granada :
Nombre del editor, distribuidor, etc. Instituto de Geografía Aplicada,
Fecha de publicación, distribución, etc. 1972.
300 ## - DESCRIPCIÓN FÍSICA
Extensión XXIV, 348 p. :
Otras características físicas il. ;
Dimensiones 26 cm +
Material acompañante/anejo 2 map. pleg.
852 ## - LOCALIZACIÓN
Ubicación ES-MaACL
Número de control de estantería C-43430
Sublocalización o colección R.83247
Holdings
Estatus retirado Estado de pérdida Estado de daño No para préstamo Biblioteca de origen Biblioteca actual Ubicación en estantería Fecha de adquisición Fuente de adquisición Total de préstamos Signatura topográfica completa Código de barras Visto por última vez Precio de reemplazo Tipo de ítem Koha
        Biblioteca del Ateneo de Madrid Biblioteca del Ateneo de Madrid Depósito 2 17/01/2008     C-43430 1147253 23/02/2023 23/02/2023 Libro impreso